سبائی سبز باغ (Record no. 67611)
[ view plain ]
| 000 -LEADER | |
|---|---|
| fixed length control field | 00392nam a22001457a 4500 |
| 005 - DATE AND TIME OF LATEST TRANSACTION | |
| control field | 20150309102213.0 |
| 008 - FIXED-LENGTH DATA ELEMENTS--GENERAL INFORMATION | |
| fixed length control field | 150309b xxu||||| |||| 00| 0 eng d |
| 040 ## - CATALOGING SOURCE | |
| Transcribing agency | PK-LaUMT |
| 082 ## - DEWEY DECIMAL CLASSIFICATION NUMBER | |
| Classification number | KHC 297.82 |
| Item number | AZI-S |
| 100 ## - MAIN ENTRY--PERSONAL NAME | |
| Personal name | عزیراحمد صدیقی |
| 245 ## - TITLE STATEMENT | |
| Title | سبائی سبز باغ |
| Statement of responsibility, etc | عزیراحمد |
| 260 ## - PUBLICATION, DISTRIBUTION, ETC. (IMPRINT) | |
| Place of publication, distribution, etc | کراچی |
| Name of publisher, distributor, etc | عزیراحمد |
| Date of publication, distribution, etc | 1936 |
| 300 ## - PHYSICAL DESCRIPTION | |
| Extent | 208 ص |
| 942 ## - ADDED ENTRY ELEMENTS (KOHA) | |
| Koha item type | Books |
| Withdrawn status | Lost status | Damaged status | Home library | Current library | Date acquired | Full call number | Barcode | Date last seen | Price effective from | Koha item type |
|---|---|---|---|---|---|---|---|---|---|---|
| UMT Main Campus | UMT Main Campus | 2015-03-09 | KHC 297.82 AZI-S | 72707 | 2015-03-09 | 2015-03-09 | Books |
